| 000 | 00338nam a2200133Ia 4500 | ||
|---|---|---|---|
| 005 | 20251222143120.0 | ||
| 008 | 251222s9999||||xx |||||||||||||| ||spa|| | ||
| 020 | _a958-41-0094-7 | ||
| 082 | _a658.409.2/G85 | ||
| 100 | _aGubman, Edward L. | ||
| 245 | 0 | _aEl Talento como Solución: | |
| 264 | _bMcGRAW-HILL INTERAMERICANA | ||
| 942 | _cLIB | ||
| 999 |
_c11495 _d11495 |
||